| 000 | 00905nam a22002297a 4500 | ||
|---|---|---|---|
| 999 |
_c788 _d788 |
||
| 003 | AR-CdUCM | ||
| 008 | 190225b ||||| |||| 00| 0 spa d | ||
| 020 | _a9506940177 | ||
| 040 |
_aMUNICIPALIDAD PROVINCIAL DEL CUSCO _cBIBLIOTECA MUNICIPAL DEL CUSCO |
||
| 082 |
_a839.9 / _bM12 |
||
| 100 |
_aMcWilliams Jr, John P. _93004 |
||
| 245 |
_aHawthorne, Melville : _bY el carácter norteamericano / |
||
| 260 |
_aBuenos Aires : _bGrupo editor Latinoamericano S.R.L.; _c1988. |
||
| 300 |
_a377 paginas ; _c23 cm. |
||
| 440 |
_aTemas _93005 |
||
| 505 | _aLos limites de la imaginación histórica -- Una revolución puritana en 1775 -- Un hogar en cualquier otro lugar -- Ese lancero apostólico, el hermano Jonathan -- Un marginal leal ... | ||
| 650 |
_aTeocracia _93006 |
||
| 650 |
_aCarácter norteamericano _93007 |
||
| 650 |
_aTiempos históricos _93008 |
||
| 942 |
_2ddc _cLIBROS |
||
| 945 |
_arum _d2019-02-25 |
||